| 000 | 01045cam a22002774a 4500 | ||
|---|---|---|---|
| 001 | 13682871 | ||
| 005 | 20230320130244.0 | ||
| 008 | 040810s2004 nyua 000 0 eng | ||
| 010 | _a 2004056225 | ||
| 020 | _a0486439259 (pbk.) | ||
| 040 |
_aDLC _cDLC _dDLC |
||
| 042 | _apcc | ||
| 050 | 0 | 0 |
_aTL1050 _b.H84 2004 |
| 082 | 0 | 0 |
_a629.4742 _222 _bHUG |
| 100 | 1 |
_aHughes, Peter C. _q(Peter Carlisle), _d1940- _9110659 |
|
| 245 | 1 | 0 |
_aSpacecraft attitude dynamics / _cPeter C. Hughes. |
| 260 |
_aMineola, N.Y. : _bDover Publications, _c2004. |
||
| 300 |
_axii, 570 p. : _bill. ; _c24 cm. |
||
| 650 | 0 |
_aSpace vehicles _xAttitude control systems. _9110660 |
|
| 650 | 0 |
_aSpace vehicles _xDynamics. _92485 |
|
| 650 | 0 |
_aAstrodynamics. _983859 |
|
| 856 | 4 | 2 |
_3Publisher description _uhttp://www.loc.gov/catdir/enhancements/fy0618/2004056225-d.html |
| 906 |
_a7 _bcbc _corignew _d1 _eocip _f20 _gy-gencatlg |
||
| 942 |
_2ddc _cBK |
||
| 999 |
_c593863 _d593863 |
||